Devinez le Pays Mystère #63 - Statistiques

Statistiques générales
  • Ce quiz a été pris 445 fois
  • Le résultat moyen est 12 sur 15
Statistiques - réponses
Type de Réponse Réponse % Correct
Lettre Trouvée É
100%
Lettre Trouvée N
97%
Lettre Trouvée A
95%
Lettre Trouvée É
95%
Lettre Trouvée G
93%
Lettre Trouvée S
87%
Lettre Trouvée L
85%
Lettre Bien Placée G
84%
Lettre Bien Placée É
79%
Lettre Bien Placée É
74%
Lettre Bien Placée N
71%
Lettre Bien Placée A
70%
Lettre Bien Placée S
69%
Pays Mystère Sénégal
68%
Lettre Bien Placée L
68%
Aucun quiz correspondant
Distribution des résultats
% des personnes avec chaque résultat
Percentile par nombre de réponses
Votre historique - résultats
Vous n’avez pas pris ce quiz